| Tag |
First Indicator |
Second Indicator |
Subfields |
| LEADER |
00000cam a2200000 4500 |
| 001 |
in00003872921 |
| 005 |
20190415191800.0 |
| 006 |
m o d |
| 007 |
cr |n||||||||n |
| 008 |
800410s1710 enk|||| o 00||||eng c |
| 035 |
|
|
|a (CU-RivES)T49257
|
| 035 |
|
|
|a (Uk-ES)006421061
|
| 035 |
|
|
|a (OCoLC)508677738
|
| 040 |
|
|
|a Uk-ES
|c Uk-ES
|d CU-RivES
|d CStRLIN
|d CU-RivES
|d Cengage Gale
|d UtOrBLW
|
| 050 |
|
4 |
|a AC4
|b .C875 1710
|
| 100 |
1 |
|
|a Curll, Edmund,
|d 1675-1747.
|0 http://id.loc.gov/authorities/names/n85099884
|
| 245 |
1 |
0 |
|a Some considerations humbly offer'd to the Right Reverend the Ld. Bp. of Salisbury :
|b Occasion'd by His Lordship's speech, upon the first article of Dr. Sacheverell's impeachment. Wherein the new doctrine of resisting the supreme powers, as founded upon political principles, is carefully examin'd; and prov'd diametrically opposite to what his lordship has formerly asserted. By a Lay Hand.
|
| 250 |
|
|
|a The second edition.
|
| 264 |
|
1 |
|a London :
|b Printed for J. Morphew near Stationers Hall,
|c 1710.
|
| 300 |
|
|
|a 1 online resource (40 pages)
|
| 336 |
|
|
|a text
|b txt
|2 rdacontent
|
| 337 |
|
|
|a computer
|b c
|2 rdamedia
|
| 338 |
|
|
|a online resource
|b cr
|2 rdacarrier
|
| 500 |
|
|
|a A lay hand = Edmund Curll.
|
| 500 |
|
|
|a With a half-title.
|
| 500 |
|
|
|a Price on title page: Price 6d.
|
| 510 |
4 |
|
|a English Short Title Catalog,
|c T49257.
|
| 500 |
|
|
|a Reproduction of original from British Library.
|
| 500 |
|
|
|a Electronic resource.
|
| 600 |
1 |
0 |
|a Sacheverell, Henry,
|d 1674?-1724.
|0 http://id.loc.gov/authorities/names/n84125337
|
| 655 |
|
7 |
|a Electronic books.
|2 local
|
| 710 |
2 |
|
|a Gale (Firm)
|0 http://id.loc.gov/authorities/names/no2008071348
|
| 752 |
|
|
|a Great Britain
|b England
|d London.
|
| 856 |
4 |
0 |
|u http://proxy.library.tamu.edu/login?url=http://find.galegroup.com/ecco/infomark.do?contentSet=ECCOArticles&docType=ECCOArticles&bookId=1573401800&type=getFullCitation&tabID=T001&prodId=ECCO&docLevel=TEXT_GRAPHICS&version=1.0&source=library&userGroupName=txshracd2898
|z Connect to the full text of this electronic book
|t 0
|
| 999 |
f |
f |
|s b2b001b8-0d2e-366f-8085-7e1da21b42a4
|i 64460001-4f7f-3399-bfc8-5f2b01e07d98
|t 0
|
| 952 |
f |
f |
|a Texas A&M University
|b College Station
|c Electronic Resources
|d Available Online
|t 0
|e AC4 .C875 1710
|h Library of Congress classification
|
| 998 |
f |
f |
|a AC4 .C875 1710
|t 0
|l Available Online
|